| 000 | 00692nam a2200193 i 4500 | ||
|---|---|---|---|
| 001 | 122518 | ||
| 003 | ES-MaACL | ||
| 005 | 20231226160026.0 | ||
| 007 | t| | ||
| 008 | 070214s1951 cu f s000 0dspa d | ||
| 100 | 1 |
_aPrio Socarras, Carlos. _993986 |
|
| 245 | 1 | 3 |
_aEl entierro cubano de Martí : _bdiscurso del... presidente de la República Dr. Carlos Prío Socarrás, 30 de junio de 1951. |
| 260 |
_aLa Habana : _b[Ministerio de Educación], _c1951 ( _fImp. P. Fernández y Cía.) |
||
| 300 |
_a16 p., 2 lám. ; _c22 cm. |
||
| 600 | 1 | 4 |
_aMartí, José, _d1853-1895 _977189 |
| 710 | 1 |
_aCuba. _bMinisterio de Educación. _93339 |
|
| 852 |
_aES-MaACL _j1934-F-19 |
||
| 999 |
_c122518 _d122518 |
||